[Event "Coimbra Queima das Fitas op"]
[Site "Coimbra"]
[Date "2016.04.24"]
[Round "5"]
[White "Vinagre, Raquel"]
[Black "Silva, Rui Manuel De Alm"]
[Result "0-1"]
[WhiteElo "1267"]
[BlackElo "1676"]
[PlyCount "94"]
[EventDate "2016.04.22"]
[EventType "swiss"]
[EventRounds "7"]
[EventCountry "POR"]
[SourceTitle "EXT 2018"]
[Source "ChessBase"]
[SourceDate "2017.10.13"]
[SourceVersion "1"]
[SourceVersionDate "2017.10.13"]
[SourceQuality "1"]

1. b3 d5 2. e3 e5 3. Bb2 Nc6 4. Bb5 Bd6 5. Nc3 Nf6 6. d3 Bg4 7. f3 Bh5 8. Nge2 0-0 9. a3 Re8 10. 0-0 Bg6 11. Kh1 Bc5 12. Bc1 Re6 13. d4 exd4 14. exd4 Bb6 15. Ra2 Qd7 16. Na4 Rae8 17. Nxb6 axb6 18. Nf4 R6e7 19. c3 Bf5 20. Re2 Rxe2 21. Bxe2 Qe7 22. Re1 Na5 23. b4 Nc4 24. g4 Bg6 25. Nxg6 hxg6 26. a4 c6 27. Kg1 Nh7 28. Qd3 Ng5 29. f4 Ne4 30. g5 f5 31. Kg2 Kf7 32. Bf3 Ra8 33. Bd1 b5 34. a5 b6 35. h4 bxa5 36. bxa5 Rxa5 37. Kf3 Nxg5+ 38. hxg5 Qxe1 39. Qe2 Qxe2+ 40. Bxe2 Ra1 41. Be3 Ra3 42. Bxc4 dxc4 43. Bd2 b4 44. Ke2 b3 45. Bc1 Ra2+ 46. Ke3 b2 47. Bxb2 Rxb2 0-1

[Event "EU-ch Seniors 50 Rapid"]
[Site "Porto"]
[Date "2014.03.20"]
[Round "6"]
[White "Baliuniene, Margarita"]
[Black "Silva, Rui Manuel De Alm"]
[Result "1-0"]
[WhiteElo "1870"]
[BlackElo "1804"]
[PlyCount "95"]
[EventDate "2014.03.19"]
[EventType "swiss (rapid)"]
[EventRounds "9"]
[EventCountry "POR"]
[SourceTitle "EXT 2015"]
[Source "ChessBase"]
[SourceDate "2014.11.20"]
[SourceVersion "1"]
[SourceVersionDate "2014.11.20"]
[SourceQuality "1"]

1. d4 d5 2. c4 e6 3. Nc3 Nf6 4. Nf3 c5 5. cxd5 exd5 6. dxc5 Bxc5 7. e3 0-0 8. Be2 Nc6 9. 0-0 Bg4 10. h3 Bh5 11. b3 Re8 12. Bb2 Bb6 13. Rc1 Rc8 14. Na4 Bc7 15. Nc5 b6 16. Na6 Qd6 17. Nxc7 Rxc7 18. g4 Bg6 19. Bb5 Rec8 20. Ba6 Re8 21. a3 h6 22. b4 Nb8 23. Rxc7 Qxc7 24. Bb5 Rd8 25. Bxf6 gxf6 26. Qd4 Kg7 27. Nh4 Qe5 28. Rd1 Qxd4 29. Rxd4 a6 30. Ba4 Kf8 31. Nxg6+ fxg6 32. Bb3 Nc6 33. Rxd5 Rxd5 34. Bxd5 Ne5 35. f4 Nd7 36. Be6 Nb8 37. Bc4 Ke7 38. Kf2 Kd6 39. e4 g5 40. Ke3 a5 41. Bb5 axb4 42. axb4 Ke6 43. Bc4+ Kd6 44. f5 Ke5 45. Bb5 Kd6 46. Kd4 Nd7 47. Bxd7 Kxd7 48. Kd5 1-0

[Event "EU-ch Seniors 50 Rapid"]
[Site "Porto"]
[Date "2014.03.20"]
[Round "7"]
[White "Morais, Vitor Mestre"]
[Black "Silva, Rui Manuel De Alm"]
[Result "1-0"]
[WhiteElo "2081"]
[BlackElo "1804"]
[PlyCount "63"]
[EventDate "2014.03.19"]
[EventType "swiss (rapid)"]
[EventRounds "9"]
[EventCountry "POR"]
[SourceTitle "EXT 2015"]
[Source "ChessBase"]
[SourceDate "2014.11.20"]
[SourceVersion "1"]
[SourceVersionDate "2014.11.20"]
[SourceQuality "1"]

1. d4 d5 2. Bf4 e6 3. e3 c5 4. h3 cxd4 5. exd4 Nf6 6. Nf3 Bd6 7. Bb5+ Nc6 8. Bxd6 Qxd6 9. 0-0 0-0 10. c3 Bd7 11. Re1 a6 12. Bd3 b5 13. Nbd2 Rfe8 14. Ne5 Rac8 15. f4 h6 16. a4 Rb8 17. axb5 axb5 18. Nb3 Qc7 19. Nc5 Nxe5 20. fxe5 Nh7 21. Na6 Qb7 22. Nxb8 Rxb8 23. Qc2 f5 24. exf6 Nxf6 25. Re5 Kf7 26. Rf1 Re8 27. Bg6+ Ke7 28. Bxe8 Kxe8 29. Qg6+ Kf8 30. Rxf6+ gxf6 31. Qxf6+ Kg8 32. Qxh6 1-0

[Event "EU-ch Seniors 50 Rapid"]
[Site "Porto"]
[Date "2014.03.20"]
[Round "8"]
[White "Silva, Rui Manuel De Alm"]
[Black "Bebchuk, Boris"]
[Result "0-1"]
[WhiteElo "1804"]
[BlackElo "2126"]
[PlyCount "80"]
[EventDate "2014.03.19"]
[EventType "swiss (rapid)"]
[EventRounds "9"]
[EventCountry "POR"]
[SourceTitle "EXT 2015"]
[Source "ChessBase"]
[SourceDate "2014.11.20"]
[SourceVersion "1"]
[SourceVersionDate "2014.11.20"]
[SourceQuality "1"]

1. e4 c5 2. Nf3 d6 3. d4 cxd4 4. Nxd4 Nf6 5. Nc3 a6 6. Bg5 e6 7. Be2 Be7 8. 0-0 b5 9. a3 Bb7 10. Bd3 Nbd7 11. Nf3 Qc7 12. Re1 0-0 13. h3 Rfe8 14. Bh4 Rac8 15. Bg3 Qb6 16. Qd2 h6 17. Qe3 Qxe3 18. Rxe3 Nb6 19. Nd2 Nfd7 20. Ree1 Nc5 21. Rad1 Red8 22. Kf1 Bf6 23. Ndb1 Nxd3 24. cxd3 d5 25. e5 Be7 26. d4 Nc4 27. Re2 Bc6 28. Rc2 a5 29. Nd2 b4 30. axb4 axb4 31. Nxc4 dxc4 32. Ne2 Ba4 33. Rcc1 Bxd1 34. Rxd1 c3 35. bxc3 bxc3 36. Rc1 c2 37. f3 Ba3 38. Ra1 c1Q+ 39. Nxc1 Rxc1+ 40. Rxc1 Bxc1 0-1